3-Letter Word Checklist Quiz Stats

 Plays Quiz Updated Feb 7, 2020

Support Sporcle.
Go Orange.
Score 0/253 Timer 10:00
1 Play Today
Combo Check % Correct
AD???
96%
AN???
94.8%
AT???
94.6%
AR???
94.2%
BA???
94%
AP???
92.6%
AB???
92.5%
AG???
91.5%
AS???
91.4%
HI???
91.3%
YE???
90.8%
HA???
90.7%
ET???
90.7%
IT???
90.4%
AC???
90.3%
UT???
90.3%
HE???
90%
AY???
89.8%
AM???
89.7%
CA???
89.3%
OT???
89.2%
EN???
89.2%
IN???
88.7%
BO???
88.6%
BI???
88.6%
RA???
88.5%
AL???
88.5%
BU???
88.5%
EE???
88.4%
EA???
88.3%
AW???
88.2%
BE???
88.2%
RE???
87.8%
EG???
87.4%
HO???
87.2%
ID???
87.2%
RO???
87%
MA???
86.8%
CE???
86.3%
ED???
85.9%
ER???
85.8%
ON???
85.7%
AX???
85.3%
IM???
85.2%
DU???
85%
IP???
84.9%
EL???
84.8%
DO???
84.2%
WE???
84.2%
IG???
84.1%
OD???
84%
TA???
84%
OR???
84%
UN???
83.5%
VE???
83.4%
HU???
83.4%
LE???
83.3%
IE???
82.6%
FA???
82.6%
GE???
82.5%
EW???
82.5%
PI???
82.4%
FI???
82.4%
RY???
82.3%
SE???
82.3%
OP???
82.2%
PE???
81.7%
MO???
81.6%
DI???
81.5%
CO???
81.3%
ND???
81.3%
OB???
81.1%
ME???
81%
DA???
80.8%
SI???
80.8%
NO???
80.4%
FO???
80.3%
OW???
80.3%
AH???
80.3%
FT???
80.2%
PO???
80%
SA???
79.9%
FE???
79.9%
UM???
79.8%
IL???
79.8%
Combo Check % Correct
EY???
79.4%
FF???
79.3%
JA???
79.2%
MU???
79.1%
DD???
79.1%
TE???
78.7%
GG???
78.3%
LY???
78.3%
IB???
78.2%
DE???
78.1%
NE???
78.1%
IR???
77.8%
IS???
77.7%
AI???
77.5%
IC???
77.5%
BR???
77.4%
DS???
77.4%
LA???
77.3%
CU???
77.3%
BY???
77.1%
NI???
76.9%
NA???
76.8%
UG???
76.7%
OG???
76.7%
EM???
76.7%
PU???
76.3%
OA???
75.7%
EB???
75.7%
NU???
75.6%
RI???
75.4%
MI???
75.4%
OO???
75.3%
SK???
75.3%
JO???
75.3%
SH???
75.2%
PA???
75.1%
LL???
75.1%
MP???
75%
GA???
75%
RU???
74.6%
OF???
74.6%
KE???
74.5%
AF???
74.4%
GO???
74.2%
AV???
74.1%
OE???
73.7%
IX???
73.4%
OL???
73.2%
AA???
73.1%
GU???
72.9%
LI???
72.3%
NT???
72.3%
KI???
72.2%
TO???
72.1%
UR???
72.1%
WO???
72.1%
FL???
72%
LU???
72%
TI???
71.9%
SO???
71.9%
FR???
71.8%
UP???
71.8%
PR???
71.6%
EX???
71.3%
CR???
71.2%
HY???
71.2%
EV???
71.1%
PT???
70.5%
SS???
70.2%
SP???
69.4%
RT???
69.3%
LO???
69.1%
OH???
69%
FU???
69%
RK???
68.9%
CH???
68.8%
OM???
68.7%
GI???
67.6%
JE???
67.2%
WA???
67.2%
RC???
66.8%
SU???
66.4%
LD???
65.8%
NS???
65.7%
JU???
65.6%
Combo Check % Correct
HM???
65.6%
RB???
65.6%
WI???
65.2%
YA???
65%
EF???
65%
JI???
64.8%
WH???
64.7%
LK???
64.6%
RR???
64.3%
IF???
64%
UB???
63.9%
TH???
63.7%
VA???
63.6%
ES???
63.6%
RN???
63.2%
PS???
63.2%
OU???
62.7%
OY???
62.3%
UD???
62.2%
IO???
62.1%
PY???
62%
TU???
61.9%
OX???
61.9%
HS???
61.3%
EP???
61.2%
UY???
60.5%
WL???
59.8%
FS???
59.5%
TY???
59.5%
VI???
59.4%
AJ???
59%
OI???
58.6%
US???
58%
ST???
57.3%
RS???
57%
UE???
56.4%
WN???
56.1%
MS???
55.9%
KA???
55.8%
EK???
54.7%
ZI???
54.7%
YO???
53%
TW???
52.7%
EZ???
52.6%
KY???
52.6%
UX???
51.5%
MM???
51.3%
GH???
51%
AK???
50.5%
EC???
50.2%
ZO???
49.5%
LS???
48.9%
OC???
48.9%
IZ???
48.7%
AU???
48.5%
UK???
48.5%
TS???
47.8%
ZA???
47.4%
YI???
47.2%
UH???
46.8%
AE???
45.9%
KO???
45.1%
OS???
44%
IA???
43.5%
EI???
43.5%
AO???
43.2%
PH???
43.1%
GY???
42.9%
VO???
40.4%
OK???
38.2%
ZE???
37.4%
YU???
36.3%
CI???
36.2%
EH???
35.3%
YP???
29.9%
UV???
28.3%
YS???
28.3%
WY???
26.1%
EU???
21.5%
UL???
17.8%
UI???
16.3%
VU???
16.2%
YN???
16.2%

You're not logged in!

Compare scores with friends on all Sporcle quizzes.
OR
Log In

From the Vault

3-Pointers Across the Ages

by janisterzaj

They say age is just a number, for these guys that number is 3.
Remove Ads.
Support Sporcle.
Get the best of Sporcle when you Go Orange. This ad-free experience offers more features, more stats, and more fun while also helping to support Sporcle. Thank you for becoming a member.

Show Comments

Extras

Top Quizzes Today


Score Distribution

Your Account Isn't Verified!

In order to create a playlist on Sporcle, you need to verify the email address you used during registration. Go to your Sporcle Settings to finish the process.

Report this User

Report this user for behavior that violates our Community Guidelines.

Details: